00786nam a2200253 a 450000100060000000300090000600800410001502000180005604000280007404100080010210000360011024500430014625000110018926000370020030000110023749000200024850000660026865000360033465000390037065000200040965000350042965000290046465100390049326429CO-ViMGA141112s2004 ck r 000 u spa d a9789584225016 aCO-ViMGAbspacCO-ViMGA aSPA1 aBurgos Cantor, Roberto, 1948 - 10aEse silencio / cRoberto Burgos Cantor a1a ed. aBogotá : bSeix Barral, c2014 a161 p. aLos tres mundos aIncluye datos biográficos del autor en la solapa del libro.14aAUTORES COLOMBIANOS - SIGLO XX 14aLITERATURA COLOMBIANA - SIGLO XXI 14aMUJER - NOVELA 14aNOVELA COLOMBIANA - SIGLO XXI 14aVILLAS Y ALDEAS - NOVELA aCARIBE (REGION, COLOMBIA) - NOVELA